Các chương trình minh họa FoxPro ứng dụng trong kế toán

সংরক্ষণ করুন:
গ্রন্থ-পঞ্জীর বিবরন
প্রধান লেখক: Ông Văn Thông
বিন্যাস: গ্রন্থ
ভাষা:Undetermined
প্রকাশিত: Tp. HCM Thống Kê 1996
বিষয়গুলি:
ট্যাগগুলো: ট্যাগ যুক্ত করুন
কোনো ট্যাগ নেই, প্রথমজন হিসাবে ট্যাগ করুন!
Thư viện lưu trữ: Trung tâm Học liệu Trường Đại học Cần Thơ
LEADER 00612nam a2200181Ia 4500
001 CTU_30685
008 210402s9999 xx 000 0 und d
082 |a 005.7565 
082 |b Th455/T3 
100 |a Ông Văn Thông 
245 0 |a Các chương trình minh họa FoxPro 
245 0 |b ứng dụng trong kế toán 
245 0 |c Ông Văn Thông, Nguyễn Hồng Hà 
260 |a Tp. HCM 
260 |b Thống Kê 
260 |c 1996 
650 |a database management - computer programs,foxpro ( computer programs language ) 
980 |a Trung tâm Học liệu Trường Đại học Cần Thơ